Vấn đề dân tộc và chính sách dân tộc của Trung Quốc - Một số gợi ý về chính sách đối với Việt Nam /
Сохранить в:
| Главный автор: | |
|---|---|
| Формат: | Статья |
| Язык: | Vietnamese |
| Предметы: | |
| Метки: |
Добавить метку
Нет меток, Требуется 1-ая метка записи!
|
| Thư viện lưu trữ: | Thư viện Trường Đại học Đà Lạt |
|---|
| LEADER | 00836nam a2200265 4500 | ||
|---|---|---|---|
| 001 | DLU180186546 | ||
| 005 | ##20180830 | ||
| 040 | # | # | |a DLU |b vie |
| 041 | # | # | |a vie |
| 044 | # | # | |a vn |
| 100 | # | # | |a Phạm Đi. |
| 245 | # | # | |a Vấn đề dân tộc và chính sách dân tộc của Trung Quốc - Một số gợi ý về chính sách đối với Việt Nam / |c Phạm Đi. |
| 653 | # | # | |a Chính sách dân tộc |
| 653 | # | # | |a Dân tộc |
| 653 | # | # | |a Vấn đề dân tộc |
| 773 | # | # | |t Nghiên cứu Trung Quốc |g Số 11(195), 2017, tr. 19-27 |
| 920 | # | # | |a Phòng Tạp chí -- Trung tâm Thông tin - Thư viện Trường Đại học Đà Lạt |
| 994 | # | # | |a DLU |
| 900 | # | # | |a True |
| 911 | # | # | |a Nguyễn Thị Thu Phương |
| 925 | # | # | |a G |
| 926 | # | # | |a A |
| 927 | # | # | |a BB |
| 980 | # | # | |a Thư viện Trường Đại học Đà Lạt |